[Event "48th Italian Teams 2016"]
[Site "Civitanova Marche ITA"]
[Date "2016.04.27"]
[Round "1.5"]
[Board "4"]
[White "Melone, Antonio"]
[Black "De Eccher, Stefano"]
[Result "1-0"]
[BlackTitle "FM"]
[WhiteElo "2156"]
[BlackElo "2223"]
[WhiteTeam "SS Torinese A"]
[BlackTeam "SST 1904"]
[WhiteFideId "840343"]
[BlackFideId "800678"]
[EventDate "2016.04.27"]

1. d4 d5 2. c4 c6 3. Nf3 Nf6 4. Nc3 dxc4 5. a4 Bf5 6. e3 e6 7. Bxc4 Bb4 8. O-O
Nbd7 9. Qe2 Bg6 10. e4 Bxc3 11. bxc3 Nxe4 12. Ba3 Qc7 13. Qb2 O-O-O 14. a5 Ndf6
15. Ne5 Nd5 16. Rfc1 f6 17. Nf3 Bh5 18. Ne1 Nf4 19. Bf1 e5 20. g3 exd4 21. cxd4
Nd5 22. a6 b6 23. Rc2 Kb8 24. Rac1 Be8 25. Bb5 Ne7 26. Nd3 Nd6 27. Ba4 Rc8 28.
Qb4 Rd8 29. Nf4 Bf7 30. Bxc6 Nec8 31. Bb7 Qd7 32. Rc7 Qxc7 33. Rxc7 Kxc7 34. d5
Rhe8 35. Qc3+ Kb8 36. Qc6 g5 37. Bxc8 1-0

[Event "48th Italian Teams 2016"]
[Site "Civitanova Marche ITA"]
[Date "2016.04.28"]
[Round "2.1"]
[Board "1"]
[White "Stella, Andrea"]
[Black "Bacrot, Etienne"]
[Result "1/2-1/2"]
[WhiteTitle "IM"]
[BlackTitle "GM"]
[WhiteElo "2419"]
[BlackElo "2698"]
[WhiteTeam "Accademia Milano"]
[BlackTeam "Obiettivo Risarcimento Padova"]
[WhiteFideId "827061"]
[BlackFideId "605506"]
[EventDate "2016.04.27"]

1. Nf3 Nf6 2. c4 g6 3. g3 Bg7 4. Bg2 O-O 5. Nc3 Nc6 6. d4 d6 7. O-O e5 8. dxe5
dxe5 9. Qxd8 Rxd8 10. Bg5 Be6 11. Nd2 h6 12. Bxf6 Bxf6 13. Nd5 Bxd5 14. cxd5 Nb4
15. e4 c6 16. a3 Nc2 17. Rad1 Nd4 18. dxc6 Nxc6 19. Nc4 Nd4 1/2-1/2

[Event "48th Italian Teams 2016"]
[Site "Civitanova Marche ITA"]
[Date "2016.04.28"]
[Round "2.1"]
[Board "2"]
[White "Godena, Michele"]
[Black "D'Amore, Carlo"]
[Result "1/2-1/2"]
[WhiteTitle "GM"]
[BlackTitle "IM"]
[WhiteElo "2493"]
[BlackElo "2444"]
[WhiteTeam "Obiettivo Risarcimento Padova"]
[BlackTeam "Accademia Milano"]
[WhiteFideId "800090"]
[BlackFideId "800066"]
[EventDate "2016.04.27"]

1. e4 g6 2. d4 Bg7 3. Nf3 d6 4. c3 Nf6 5. Bd3 Nc6 6. O-O O-O 7. Re1 e5 8. h3 Re8
9. Na3 Bd7 10. Bd2 a5 11. Nc2 h6 12. a4 Nb8 13. Na3 Bc6 14. Qc2 Re7 15. Nb5 1/2-1/2

[Event "48th Italian Teams 2016"]
[Site "Civitanova Marche ITA"]
[Date "2016.04.28"]
[Round "2.1"]
[Board "3"]
[White "Salvador, Roland"]
[Black "David, Alberto"]
[Result "1/2-1/2"]
[WhiteTitle "GM"]
[BlackTitle "GM"]
[WhiteElo "2434"]
[BlackElo "2579"]
[WhiteTeam "Accademia Milano"]
[BlackTeam "Obiettivo Risarcimento Padova"]
[WhiteFideId "5201047"]
[BlackFideId "4000013"]
[EventDate "2016.04.27"]

1. d4 Nf6 2. Nf3 e6 3. Bf4 b6 4. e3 Bb7 5. h3 c5 6. Nbd2 cxd4 7. exd4 Be7 8. c3
O-O 9. Bd3 Ba6 10. Bxa6 Nxa6 11. O-O Nb8 12. Qe2 Nc6 13. Rae1 d5 14. Bh2 Nd7 15.
Nb3 a6 16. Nc1 b5 17. a3 Na5 18. Nd3 Nc4 19. Nd2 Re8 20. g4 a5 21. Nxc4 bxc4 22.
Ne5 Nxe5 23. Qxe5 Ra6 24. f4 Rb6 25. Re2 Bd6 26. Qe3 Re7 27. Rff2 f5 28. Qf3 Qf8
29. Bg3 Qf7 30. Kg2 1/2-1/2

[Event "48th Italian Teams 2016"]
[Site "Civitanova Marche ITA"]
[Date "2016.04.28"]
[Round "2.2"]
[Board "1"]
[White "Swiercz, Dariusz"]
[Black "Bosiocic, Marin"]
[Result "0-1"]
[WhiteTitle "GM"]
[BlackTitle "GM"]
[WhiteElo "2655"]
[BlackElo "2564"]
[WhiteTeam "WorldTradingLab Club 64 Modena"]
[BlackTeam "SST 1904"]
[WhiteFideId "1126881"]
[BlackFideId "14507927"]
[EventDate "2016.04.27"]

1. e4 c5 2. Nf3 e6 3. d4 cxd4 4. Nxd4 Nc6 5. Nc3 Qc7 6. Be2 a6 7. O-O Nf6 8. Be3
Be7 9. f4 d6 10. a4 O-O 11. Kh1 Re8 12. Bf3 Na5 13. Qd3 e5 14. Nde2 Nc4 15. Bc1
exf4 16. Nxf4 Be6 17. Be2 Ne5 18. Qg3 Qc6 19. Bd3 Bd8 20. Be3 Qd7 21. h3 Kh8 22.
Bd4 Rc8 23. Rad1 Qe7 24. Rf2 Nfd7 25. Be2 Qh4 26. Qxh4 Bxh4 27. Rff1 Bd8 28. Bh5
Kg8 29. Bg1 Rc6 30. Nxe6 Rxe6 31. Be2 Nf6 32. Bd3 Re8 33. Bh2 Bb6 34. Ne2 Nc4
35. Bxc4 Rxc4 36. Nc3 Bd4 37. b3 Rxc3 38. Rxd4 Nxe4 39. Bxd6 Rxc2 40. Bf4 g5 41.
Rc1 Rb2 42. Bc7 Rxb3 43. Kh2 Kg7 44. Rcc4 f5 45. Bd8 Kg6 46. Rc7 f4 47. Rdd7 h6
48. Rg7+ Kh5 49. Rcd7 Ng3 50. Bc7 Re1 0-1

[Event "48th Italian Teams 2016"]
[Site "Civitanova Marche ITA"]
[Date "2016.04.28"]
[Round "2.2"]
[Board "2"]
[White "Barp, Alberto"]
[Black "Brunello, Sabino"]
[Result "1/2-1/2"]
[WhiteTitle "FM"]
[BlackTitle "GM"]
[WhiteElo "2297"]
[BlackElo "2570"]
[WhiteTeam "SST 1904"]
[BlackTeam "WorldTradingLab Club 64 Modena"]
[WhiteFideId "872555"]
[BlackFideId "813613"]
[EventDate "2016.04.27"]

1. d4 Nf6 2. c4 c5 3. d5 b5 4. cxb5 a6 5. bxa6 g6 6. Nc3 Bg7 7. e4 O-O 8. Nf3
Qa5 9. Bd2 d6 10. a7 Qxa7 11. Be2 Nbd7 12. O-O Ba6 13. a4 Qb7 14. Qc2 Bxe2 15.
Nxe2 Rfb8 16. Bc3 Ng4 17. Rfb1 Nge5 18. Nxe5 Nxe5 19. b4 cxb4 20. Rxb4 Qxb4 21.
Bxb4 Rxb4 22. Ra2 Nd7 23. f3 Nc5 24. a5 Rab8 25. h3 Bh6 26. Kh2 Be3 27. Ra3 Bh6
28. Ra2 Be3 29. Ra3 Bh6 30. Ra2 Be3 1/2-1/2

[Event "48th Italian Teams 2016"]
[Site "Civitanova Marche ITA"]
[Date "2016.04.28"]
[Round "2.2"]
[Board "3"]
[White "Ortega, Lexy"]
[Black "Messa, Roberto"]
[Result "1-0"]
[WhiteTitle "GM"]
[BlackTitle "IM"]
[WhiteElo "2480"]
[BlackElo "2299"]
[WhiteTeam "WorldTradingLab Club 64 Modena"]
[BlackTeam "SST 1904"]
[WhiteFideId "811416"]
[BlackFideId "800457"]
[EventDate "2016.04.27"]

1. d4 Nf6 2. Nf3 e6 3. e3 c5 4. c4 d5 5. cxd5 exd5 6. Bb5+ Nc6 7. O-O a6 8.
Bxc6+ bxc6 9. dxc5 Bxc5 10. Qc2 Qd6 11. b3 O-O 12. Bb2 Re8 13. Rc1 Ne4 14. Nbd2
Nxd2 15. Qxd2 Bb4 16. Qd4 f6 17. a3 c5 18. Qh4 Re4 19. Qg3 Qe7 20. axb4 Rg4 21.
Qh3 Rg6 22. Qh4 Rg4 23. Qh5 Qe4 24. h3 Rg6 25. Ne1 Bb7 26. bxc5 d4 27. c6 Bxc6
28. Rxc6 Qxc6 29. Bxd4 Rb8 30. Qf3 Qe6 31. Nd3 Qxb3 32. Nc5 Qc4 33. Ne4 a5 34.
h4 Rb5 35. h5 Rh6 36. Nd6 1-0

[Event "48th Italian Teams 2016"]
[Site "Civitanova Marche ITA"]
[Date "2016.04.28"]
[Round "2.2"]
[Board "4"]
[White "Cherin, Diego"]
[Black "Codenotti, Marco"]
[Result "0-1"]
[WhiteTitle "FM"]
[BlackTitle "IM"]
[WhiteElo "2226"]
[BlackElo "2399"]
[WhiteTeam "SST 1904"]
[BlackTeam "WorldTradingLab Club 64 Modena"]
[WhiteFideId "816922"]
[BlackFideId "800015"]
[EventDate "2016.04.27"]

1. e4 c5 2. Nf3 d6 3. d4 cxd4 4. Nxd4 Nf6 5. Nc3 a6 6. Bc4 e6 7. Bb3 Nbd7 8. Bg5
Nc5 9. O-O Be7 10. Re1 O-O 11. f4 Bd7 12. e5 Ne8 13. Bxe7 Qxe7 14. Ne4 dxe5 15.
fxe5 Rd8 16. Qh5 Nxb3 17. axb3 f5 18. Ng5 h6 19. Ndf3 hxg5 20. Nxg5 g6 21. Qxg6+
Qg7 22. Qh5 Bc6 23. Re2 Nc7 24. Rae1 Rd4 25. h3 Be8 0-1

[Event "48th Italian Teams 2016"]
[Site "Civitanova Marche ITA"]
[Date "2016.04.28"]
[Round "2.3"]
[Board "1"]
[White "Prohaszka, Peter2"]
[Black "Socko, Bartosz"]
[Result "1/2-1/2"]
[WhiteTitle "GM"]
[BlackTitle "GM"]
[WhiteElo "2598"]
[BlackElo "2584"]
[WhiteTeam "Fano1988"]
[BlackTeam "Circolo Scacchi R. Fischer Chieti"]
[WhiteFideId "726265"]
[BlackFideId "1107038"]
[EventDate "2016.04.27"]

1. d4 Nf6 2. c4 e6 3. Nc3 Bb4 4. Qc2 O-O 5. Nf3 d5 6. a3 Bxc3+ 7. Qxc3 dxc4 8.
Qxc4 b6 9. Bg5 Ba6 10. Qa4 c5 11. dxc5 bxc5 12. Rc1 Qb6 13. Bxf6 gxf6 14. Rc2
Rd8 15. e3 Bxf1 16. Rxf1 Nd7 17. Ke2 Rab8 18. Rd1 Nf8 19. Rxd8 Rxd8 20. Qc4 Rb8
21. Ne1 Nd7 22. Nd3 Qd6 23. Nxc5 Nxc5 24. Qxc5 Qxc5 25. Rxc5 Rxb2+ 26. Kf3 Rb6
27. Ra5 a6 28. g4 Kg7 29. Kg3 Kg6 30. h4 Rc6 31. h5+ Kg7 32. Kf4 1/2-1/2

[Event "48th Italian Teams 2016"]
[Site "Civitanova Marche ITA"]
[Date "2016.04.28"]
[Round "2.3"]
[Board "2"]
[White "Rombaldoni, Axel"]
[Black "Djuric, Stefan"]
[Result "1-0"]
[WhiteTitle "GM"]
[BlackTitle "GM"]
[WhiteElo "2553"]
[BlackElo "2391"]
[WhiteTeam "Circolo Scacchi R. Fischer Chieti"]
[BlackTeam "Fano1988"]
[WhiteFideId "815837"]
[BlackFideId "900133"]
[EventDate "2016.04.27"]

1. d4 Nf6 2. Bg5 e6 3. e4 h6 4. Bxf6 Qxf6 5. Nf3 Qd8 6. c4 d6 7. Nc3 Nd7 8. Qd2
Be7 9. O-O-O c6 10. Kb1 a6 11. e5 d5 12. h4 dxc4 13. Bxc4 Nb6 14. Bb3 a5 15. a3
Nd5 16. Qc2 a4 17. Nxa4 Qa5 18. Rc1 Ra6 19. Nd2 Qd8 20. Ne4 Nc7 21. Rhd1 O-O 22.
h5 Kh8 23. Qd3 f5 24. exf6 gxf6 25. Nec5 Rxa4 26. Nxa4 f5 27. Qe3 Bg5 28. f4 Bf6
29. Nc3 Rg8 30. Rc2 Rg7 31. g3 Qg8 32. Rg2 b5 33. Na2 Bb7 34. Rgg1 Qd8 35. Rd2
Re7 36. Nb4 Nd5 37. Bxd5 exd5 38. Qc3 Qe8 39. Rgd1 Re4 40. Rd3 Re2 41. R1d2 Re1+
42. Ka2 Re6 43. Qc2 Qxh5 44. Rh2 Qg6 45. Qc5 Bg7 46. Rc2 Qe8 47. Qa7 Re7 48. Qb6
Qa8 49. Nxc6 Re8 50. Ne5 b4 51. Rc7 Rxe5 52. Qxb7 b3+ 53. Rxb3 1-0

[Event "48th Italian Teams 2016"]
[Site "Civitanova Marche ITA"]
[Date "2016.04.28"]
[Round "2.3"]
[Board "3"]
[White "Sebastianelli, Diego"]
[Black "Rombaldoni, Denis"]
[Result "0-1"]
[WhiteTitle "FM"]
[BlackTitle "IM"]
[WhiteElo "2348"]
[BlackElo "2467"]
[WhiteTeam "Fano1988"]
[BlackTeam "Circolo Scacchi R. Fischer Chieti"]
[WhiteFideId "802735"]
[BlackFideId "813575"]
[EventDate "2016.04.27"]

1. d4 d6 2. Nc3 e5 3. Nf3 exd4 4. Qxd4 Nc6 5. Qf4 Nf6 6. e4 g6 7. Bb5 Bg7 8. O-O
O-O 9. Qh4 Ng4 10. Bg5 f6 11. Bd2 Nge5 12. Nxe5 fxe5 13. Bg5 Qe8 14. Nd5 Rf7 15.
Ne7+ Rxe7 16. Bxc6 bxc6 17. Bxe7 h6 18. Rad1 g5 19. Bxg5 hxg5 20. Qxg5 Ba6 21.
Rfe1 Qd8 22. Qh5 Bc4 23. Re3 Bf7 24. Qg4 Qe7 25. b3 Be6 26. Qe2 a5 27. c3 Qf7
28. Rd2 Bh6 29. Rg3+ Kh7 30. Rd1 Bf4 31. Rgd3 a4 32. c4 axb3 33. axb3 c5 34. Rf1
Bh6 35. Rg3 Rh8 36. h3 Bf4 37. Rd3 Kg7 38. g3 Qg6 39. g4 Rxh3 40. Rxh3 Bxg4 41.
Rg3 Bxg3 42. f3 Bh3 43. Ra1 Bf4+ 44. Kh1 Qh5 0-1

[Event "48th Italian Teams 2016"]
[Site "Civitanova Marche ITA"]
[Date "2016.04.28"]
[Round "2.3"]
[Board "4"]
[White "Shytaj, Luca"]
[Black "Pedini, Dario"]
[Result "0-1"]
[WhiteTitle "IM"]
[WhiteElo "2446"]
[BlackElo "2246"]
[WhiteTeam "Circolo Scacchi R. Fischer Chieti"]
[BlackTeam "Fano1988"]
[WhiteFideId "812633"]
[BlackFideId "824623"]
[EventDate "2016.04.27"]

1. e4 e5 2. Nf3 Nc6 3. Bc4 Bc5 4. d3 Nf6 5. O-O O-O 6. Nbd2 d6 7. c3 a6 8. Bb3
Be6 9. Re1 Bxb3 10. Nxb3 Ba7 11. h3 h6 12. Be3 Bxe3 13. Rxe3 Ne7 14. Nh4 Kh7 15.
d4 Qe8 16. Qf3 Nd7 17. Qg3 a5 18. Nd2 f6 19. Qg4 Nb6 20. Nf1 g6 21. Ng3 Qc8 22.
Qe2 Qe6 23. Rd3 a4 24. a3 Rae8 25. Re1 Qc4 26. Nf1 Qb5 27. Ne3 d5 28. dxe5 dxe4
29. Rd4 Qxe2 30. Rxe2 f5 31. g4 Nc6 32. gxf5 gxf5 33. Nexf5 Nxd4 34. cxd4 Re6
35. Rxe4 Nd5 36. Kf1 Rf7 37. Ke1 Rd7 38. Ng3 Rf7 39. Nh5 c6 40. f4 Ne7 41. Ng3
c5 42. f5 Rc6 43. f6 Nd5 44. dxc5 Nc7 45. Nhf5 Rxc5 46. Nd6 Rf8 47. Nxb7 Rd5 48.
Nd6 Ne6 49. Ne2 Nc5 50. Re3 Rxe5 51. Rxe5 Nd3+ 52. Kd2 Nxe5 53. Ne4 Nd7 54. N2c3
Ra8 55. Nd5 Kg6 56. Ne7+ Kf7 57. Nf5 h5 58. Nfd6+ Ke6 59. f7 Ne5 60. Kc3 Nxf7
61. Nc4 Kf5 62. Nc5 Ng5 63. Nb6 Rh8 64. h4 Nf3 65. b4 axb3 66. a4 Nxh4 67. a5
Ng6 68. a6 h4 69. a7 h3 70. Nd3 h2 71. Nf2 Kf4 72. Nh1 Kf3 0-1

[Event "48th Italian Teams 2016"]
[Site "Civitanova Marche ITA"]
[Date "2016.04.28"]
[Round "2.4"]
[Board "1"]
[White "Iordachescu, Viorel"]
[Black "Valsecchi, Alessio"]
[Result "1-0"]
[WhiteTitle "GM"]
[BlackTitle "IM"]
[WhiteElo "2581"]
[BlackElo "2492"]
[WhiteTeam "Partenopea Westend Napoli"]
[BlackTeam "Montebelluna Master"]
[WhiteFideId "13900200"]
[BlackFideId "818860"]
[EventDate "2016.04.27"]

1. e4 c5 2. Nf3 d6 3. d4 cxd4 4. Nxd4 Nf6 5. Nc3 e6 6. g4 h6 7. Bg2 Be7 8. f4
Nc6 9. Nb3 g5 10. h3 Nd7 11. e5 d5 12. O-O Nc5 13. Kh1 b6 14. Nxc5 bxc5 15. Nb5
Ba6 16. a4 Nd4 17. c4 dxc4 18. Nxd4 cxd4 19. Bc6+ Kf8 20. fxg5 c3 21. Rf2 Bc4
22. Kh2 Bd5 23. Bxa8 Bxa8 24. bxc3 hxg5 25. Qxd4 Qc8 26. Ba3 Kg7 27. Qe3 Bxa3
28. Qxg5+ Kf8 29. Rxa3 Qc6 30. Qd8+ 1-0

[Event "48th Italian Teams 2016"]
[Site "Civitanova Marche ITA"]
[Date "2016.04.28"]
[Round "2.4"]
[Board "2"]
[White "Zamengo, Fulvio"]
[Black "Collutiis, Duilio"]
[Result "0-1"]
[WhiteTitle "FM"]
[BlackTitle "IM"]
[WhiteElo "2330"]
[BlackElo "2466"]
[WhiteTeam "Montebelluna Master"]
[BlackTeam "Partenopea Westend Napoli"]
[WhiteFideId "852678"]
[BlackFideId "805475"]
[EventDate "2016.04.27"]

1. e4 e5 2. Nf3 Nc6 3. Bb5 a6 4. Ba4 d6 5. Bxc6+ bxc6 6. d4 exd4 7. Nxd4 c5 8.
Nb3 Nf6 9. O-O Be7 10. Nc3 O-O 11. Na5 Bd7 12. Bf4 Qb8 13. e5 dxe5 14. Bxe5 Rd8
15. Qc1 Qb6 16. Nc4 Qb4 17. Ne3 Qb7 18. Rd1 Be6 19. b3 Rd7 20. Na4 c4 21. Qb2
Rad8 22. Rxd7 Rxd7 23. bxc4 Qc6 24. Nc3 Bxc4 25. Qb8+ Bf8 26. Nxc4 Qxc4 27. Bxf6
gxf6 28. Qb3 Qd4 29. Rf1 Bc5 30. Nd1 0-1

[Event "48th Italian Teams 2016"]
[Site "Civitanova Marche ITA"]
[Date "2016.04.28"]
[Round "2.4"]
[Board "3"]
[White "Piscopo, Pierluigi"]
[Black "Basso, Pier Luigi"]
[Result "1/2-1/2"]
[WhiteTitle "IM"]
[BlackTitle "FM"]
[WhiteElo "2431"]
[BlackElo "2466"]
[WhiteTeam "Partenopea Westend Napoli"]
[BlackTeam "Montebelluna Master"]
[WhiteFideId "809152"]
[BlackFideId "866970"]
[EventDate "2016.04.27"]

1. e4 c6 2. d4 d5 3. exd5 cxd5 4. c4 Nf6 5. Nc3 Nc6 6. Nf3 Bg4 7. Bg5 Ne4 8. Be3
e6 9. Bd3 Nxc3 10. bxc3 dxc4 11. Bxc4 Be7 12. O-O O-O 13. Be2 Rc8 14. Qa4 Qa5
15. Qb3 Qc7 16. Rac1 Bf6 17. h3 Bh5 18. Qb5 Bxf3 19. Bxf3 Rfd8 20. Rfd1 b6 21.
Qa6 g6 22. Bxc6 Qxc6 23. c4 Qa8 24. a4 Rc6 25. a5 1/2-1/2

[Event "48th Italian Teams 2016"]
[Site "Civitanova Marche ITA"]
[Date "2016.04.28"]
[Round "2.4"]
[Board "4"]
[White "Mrdja, Milan"]
[Black "Lagumina, Giulio"]
[Result "1/2-1/2"]
[WhiteTitle "IM"]
[BlackTitle "FM"]
[WhiteElo "2342"]
[BlackElo "2311"]
[WhiteTeam "Montebelluna Master"]
[BlackTeam "Partenopea Westend Napoli"]
[WhiteFideId "14500337"]
[BlackFideId "800619"]
[EventDate "2016.04.27"]

1. e4 e5 2. Nc3 Nf6 3. g3 d5 4. exd5 Nxd5 5. Bg2 Nxc3 6. bxc3 Bc5 7. Ne2 Nc6 8.
O-O O-O 9. Rb1 Re8 10. d3 Bb6 11. c4 Bg4 12. h3 Bh5 13. g4 Bg6 14. Ng3 Qh4 15.
Kh2 Rad8 16. Ne4 Qe7 17. a4 Nd4 18. Bd2 a5 19. Kh1 Qd7 20. Ra1 h6 21. c5 Bxe4
22. Bxe4 Bxc5 23. Bxa5 Ra8 24. Bc3 1/2-1/2

[Event "48th Italian Teams 2016"]
[Site "Civitanova Marche ITA"]
[Date "2016.04.28"]
[Round "2.5"]
[Board "1"]
[White "Bertagnolli, Alexander"]
[Black "Altini, Nicola"]
[Result "1-0"]
[WhiteTitle "IM"]
[BlackTitle "IM"]
[WhiteElo "2376"]
[BlackElo "2413"]
[WhiteTeam "Euro Scacchi Perugia"]
[BlackTeam "Arrocco Chess Club Montesilvano"]
[WhiteFideId "809551"]
[BlackFideId "833924"]
[EventDate "2016.04.27"]

1. Nf3 d5 2. c4 d4 3. e3 Nc6 4. exd4 Nxd4 5. Nxd4 Qxd4 6. Nc3 c6 7. d3 Nh6 8. h3
Nf5 9. g4 Nh4 10. Bg5 Ng6 11. Qd2 e5 12. O-O-O Be7 13. Bxe7 Nxe7 14. Re1 Be6 15.
Re4 Qc5 16. d4 exd4 17. Na4 Qd6 18. Rxd4 Qc7 19. Nc5 b6 20. Nxe6 fxe6 21. Qe3 e5
22. Re4 O-O 23. Rxe5 Ng6 24. Re6 Qf7 25. Bd3 Qxf2 26. Qxf2 Rxf2 27. Bxg6 hxg6
28. Rd1 c5 29. Rd7 Rf7 30. Ree7 Rxe7 31. Rxe7 g5 32. Kd2 Kh7 33. a4 Kg6 34. a5
bxa5 35. Re6+ Kf7 36. Ra6 Rh8 37. Rxa5 Rxh3 38. Rxc5 Rg3 39. Rxg5 Kf6 40. Ra5
Rxg4 41. Kc3 Rg1 42. Rxa7 g5 43. b4 g4 44. Ra2 Ke5 45. b5 g3 46. Kb4 Kd4 47.
Rd2+ Ke3 48. Rb2 Rf1 49. b6 Rf2 50. Rb3+ Kd4 51. Rxg3 Rb2+ 52. Rb3 Rc2 53. b7
Rxc4+ 54. Ka3 1-0

[Event "48th Italian Teams 2016"]
[Site "Civitanova Marche ITA"]
[Date "2016.04.28"]
[Round "2.5"]
[Board "2"]
[White "Pescatore, Lorenzo"]
[Black "Lodici, Lorenzo"]
[Result "1/2-1/2"]
[WhiteTitle "FM"]
[BlackTitle "FM"]
[WhiteElo "2317"]
[BlackElo "2371"]
[WhiteTeam "Arrocco Chess Club Montesilvano"]
[BlackTeam "Euro Scacchi Perugia"]
[WhiteFideId "839302"]
[BlackFideId "884189"]
[EventDate "2016.04.27"]

1. e4 e5 2. Nf3 Nc6 3. Bc4 Nf6 4. d3 Be7 5. O-O O-O 6. Re1 d6 7. c3 Na5 8. Bb5
a6 9. Ba4 b5 10. Bc2 c5 11. Nbd2 Re8 12. Nf1 Bf8 13. d4 Nc6 14. dxe5 dxe5 15.
Bg5 h6 16. Qxd8 Rxd8 17. Bxf6 gxf6 18. Ne3 Be6 19. Nd5 Kg7 20. Red1 Ra7 21. Nh4
Ne7 22. Nxe7 1/2-1/2

[Event "48th Italian Teams 2016"]
[Site "Civitanova Marche ITA"]
[Date "2016.04.28"]
[Round "2.5"]
[Board "3"]
[White "Sibilio, Mario"]
[Black "Boscolo, Federico"]
[Result "1-0"]
[WhiteTitle "FM"]
[BlackTitle "FM"]
[WhiteElo "2314"]
[BlackElo "2309"]
[WhiteTeam "Euro Scacchi Perugia"]
[BlackTeam "Arrocco Chess Club Montesilvano"]
[WhiteFideId "800422"]
[BlackFideId "848093"]
[EventDate "2016.04.27"]

1. d4 Nf6 2. Nf3 g6 3. g3 Bg7 4. Bg2 O-O 5. c4 d6 6. Nc3 Nc6 7. h3 Rb8 8. Bg5 h6
9. Be3 a6 10. Qd2 Kh7 11. g4 e5 12. g5 Ng8 13. dxe5 dxe5 14. O-O-O Qxd2+ 15.
Rxd2 h5 16. Rhd1 b5 17. cxb5 axb5 18. Bc5 Re8 19. e4 Be6 20. Nd5 Rec8 21. Kb1
Na5 22. b3 Nb7 23. Ba7 Ra8 24. Be3 Nd6 25. Ne1 Bxd5 26. Rxd5 f5 27. exf5 gxf5
28. Rxd6 cxd6 29. Bxa8 Rxa8 30. Rxd6 Ne7 31. Rd7 Ng6 32. Nd3 f4 33. Bd2 Kg8 34.
Nc5 Re8 35. Ne4 Rc8 36. Bb4 Nh4 37. Nf6+ Kh8 38. Nxh5 1-0

[Event "48th Italian Teams 2016"]
[Site "Civitanova Marche ITA"]
[Date "2016.04.28"]
[Round "2.5"]
[Board "4"]
[White "Cappai, Davide"]
[Black "Paltrinieri, Nicholas"]
[Result "1/2-1/2"]
[WhiteElo "2278"]
[BlackElo "2209"]
[WhiteTeam "Arrocco Chess Club Montesilvano"]
[BlackTeam "Euro Scacchi Perugia"]
[WhiteFideId "813338"]
[BlackFideId "828262"]
[EventDate "2016.04.27"]

1. d4 e6 2. g3 f5 3. Bg2 Nf6 4. Nh3 Be7 5. O-O O-O 6. b3 d6 7. Bb2 Qe8 8. c4 Bd8
9. Nc3 e5 10. dxe5 dxe5 11. e3 h6 12. Qe2 c6 13. Rad1 Be6 14. f4 e4 15. Nf2 h5
16. Ba3 Be7 17. Bxe7 Qxe7 18. h4 a5 19. Rd4 Na6 20. Qb2 Rfd8 21. Rfd1 Rxd4 22.
Rxd4 Rb8 23. Bf1 Nc7 24. Be2 b5 25. cxb5 cxb5 26. Qd2 Kh7 27. Nh3 Bg8 28. Ng5+
Kh8 29. Qd1 b4 30. Na4 Nb5 31. Rc4 Bxc4 32. Bxc4 g6 33. Qa1 Kg7 34. Nc5 Nc3 35.
Nce6+ Kh6 36. Qb2 Rb7 37. Nd4 Ng4 38. Qd2 Rd7 39. a4 Kg7 40. Be6 Rd8 41. Bxf5 1/2-1/2

[Event "48th Italian Teams 2016"]
[Site "Civitanova Marche ITA"]
[Date "2016.04.28"]
[Round "3.1"]
[Board "2"]
[White "Collutiis, Duilio"]
[Black "Vocaturo, Daniele"]
[Result "1/2-1/2"]
[WhiteTitle "IM"]
[BlackTitle "GM"]
[WhiteElo "2466"]
[BlackElo "2562"]
[WhiteTeam "Partenopea Westend Napoli"]
[BlackTeam "Obiettivo Risarcimento Padova"]
[WhiteFideId "805475"]
[BlackFideId "813192"]
[EventDate "2016.04.27"]

1. e4 c5 2. Nf3 Nc6 3. Bb5 e6 4. O-O Nge7 5. Re1 Nd4 6. Nxd4 cxd4 7. c3 a6 8.
Ba4 b5 9. Bb3 Nc6 10. d3 g6 11. a4 b4 12. cxd4 Nxd4 13. Nd2 Bb7 14. Nf3 Bg7 15.
Nxd4 Bxd4 16. Rb1 Qb6 17. Be3 Bxe3 18. Rxe3 Qd4 19. Rc1 Rc8 20. Rxc8+ Bxc8 21.
Re2 O-O 22. Qd2 Bb7 23. Qe3 Rc8 24. Kf1 Qxe3 1/2-1/2

[Event "48th Italian Teams 2016"]
[Site "Civitanova Marche ITA"]
[Date "2016.04.28"]
[Round "3.1"]
[Board "3"]
[White "Dvirnyy, Danyyil"]
[Black "Piscopo, Pierluigi"]
[Result "1-0"]
[WhiteTitle "GM"]
[BlackTitle "IM"]
[WhiteElo "2555"]
[BlackElo "2431"]
[WhiteTeam "Obiettivo Risarcimento Padova"]
[BlackTeam "Partenopea Westend Napoli"]
[WhiteFideId "817570"]
[BlackFideId "809152"]
[EventDate "2016.04.27"]

1. d4 Nf6 2. c4 e6 3. Nc3 Bb4 4. Qc2 d5 5. a3 Bxc3+ 6. Qxc3 Nc6 7. e3 Ne4 8. Qc2
e5 9. f3 Nf6 10. dxe5 Nxe5 11. cxd5 Qxd5 12. e4 Qa5+ 13. Bd2 Qb6 14. Qc3 Qe6 15.
Qxc7 O-O 16. Bc3 Nc6 17. Rd1 Ne8 18. Qg3 Qh6 19. Bc4 Be6 20. Bxe6 fxe6 21. Ne2
Nf6 22. Bd2 Qh5 23. Qg5 Qf7 24. Bc3 e5 25. Ng3 h6 26. Qe3 Qc4 27. Nf5 Rad8 28.
Kf2 Nd4 29. h3 Nxf5 30. exf5 Qh4+ 31. g3 Rxd1 32. gxh4 Rxh1 33. Bxe5 Rxh3 34.
Qxa7 Rxh4 35. Qxb7 Rh5 36. Qc6 Kh7 37. Qc2 Nd7 38. f6+ g6 39. Qc7 Rf7 40. Bc3
Rc5 41. Qd8 Nf8 42. Qe8 Rcc7 43. Bb4 Rxf6 44. Bxf8 Rcf7 45. Bc5 Rxf3+ 46. Ke2 h5
47. Bd4 Kh6 48. Qh8+ Kg5 49. a4 Kg4 50. a5 Re7+ 51. Kd2 Re4 52. a6 1-0